[Event "Kamen 2- Günnigfeld"]
[Site "?"]
[Date "2023.11.19"]
[Round "4.1"]
[White "Freisen, Thomas"]
[Black "Zeitz, Max"]
[Result "1/2-1/2"]
[WhiteElo "1960"]
[BlackElo "1792"]
[PlyCount "53"]
[SourceDate "2023.11.29"]
[WhiteTeam "II"]

1. d4 Nf6 2. c4 g6 3. Nc3 d5 4. Nf3 Bg7 5. cxd5 Nxd5 6. e4 Nxc3 7. bxc3 O-O 8.
Rb1 c5 9. Be2 Nc6 10. d5 Bxc3+ 11. Bd2 Bxd2+ 12. Qxd2 Nd4 13. Nxd4 cxd4 14.
Qxd4 Qa5+ 15. Qd2 Qxd2+ 16. Kxd2 Rd8 17. Rhd1 b6 18. Ke1 f5 19. f3 Bb7 20. Rbc1
Rac8 21. Rxc8 Rxc8 22. Rd4 Kg7 23. e5 Rd8 24. Bc4 b5 25. Bb3 a5 26. a3 g5 27.
Ke2 1/2-1/2

[Event "Kamen 2- Günnigfeld"]
[Site "?"]
[Date "2023.11.19"]
[Round "4.2"]
[White "Bals, Jochen"]
[Black "Jaennekes, Oliver"]
[Result "1/2-1/2"]
[WhiteElo "1894"]
[BlackElo "1927"]
[PlyCount "45"]
[SourceDate "2023.11.29"]
[WhiteTeam "II"]

1. e4 c5 2. d4 cxd4 3. c3 dxc3 4. Nxc3 e6 5. Nf3 Nc6 6. Bc4 d6 7. O-O a6 8. Qe2
Nf6 9. Rd1 Qc7 10. h3 Be7 11. Bf4 Ne5 12. Bb3 Bd7 13. Nd4 O-O 14. Rac1 Bc6 15.
Nd5 exd5 16. exd5 Rfd8 17. dxc6 Nxc6 18. Qc4 Bf8 19. Ba4 Qb6 20. Nxc6 bxc6 21.
Bb3 Nd5 22. Be3 Qb7 23. Qxc6 1/2-1/2

[Event "Kamen 2- Günnigfeld"]
[Site "?"]
[Date "2023.11.19"]
[Round "4.3"]
[White "Markus, Peter"]
[Black "Koch, Marcel"]
[Result "1/2-1/2"]
[WhiteElo "1863"]
[BlackElo "1892"]
[PlyCount "70"]
[SourceDate "2023.11.29"]
[WhiteTeam "II"]

1. e4 d5 2. exd5 Qxd5 3. Nc3 Qa5 4. d4 Nf6 5. Nf3 Bg4 6. h3 Bh5 7. g4 Bg6 8.
Ne5 Nbd7 9. Nxg6 hxg6 10. Qf3 c6 11. Bd2 e6 12. O-O-O Bb4 13. a3 Bxc3 14. Bxc3
Qd5 15. Bg2 Qxf3 16. Bxf3 O-O-O 17. Bg2 Nd5 18. Bd2 N7b6 19. b3 Rhe8 20. c4 Nf6
21. Bf4 Rd7 22. Rd2 Red8 23. Rhd1 Na8 24. Bg3 Nc7 25. Kc2 Nce8 26. Kc3 Nd6 27.
Re1 Nde8 28. b4 Nc7 29. a4 a6 30. Rb1 Re8 31. Bf4 Red8 32. Be5 Nfe8 33. Bf4 Nd6
34. Ra1 Nde8 35. Rb1 Nd6 1/2-1/2

[Event "Kamen 2- Günnigfeld"]
[Site "?"]
[Date "2023.11.19"]
[Round "4.4"]
[White "Markert, Dirk"]
[Black "Funke, Eckhard"]
[Result "1-0"]
[WhiteElo "1877"]
[BlackElo "1817"]
[PlyCount "43"]
[SourceDate "2023.11.29"]
[WhiteTeam "II"]

1. e4 d5 2. exd5 Qxd5 3. Nc3 Qd6 4. d4 Nf6 5. Nf3 c6 6. g3 Bf5 7. Bg2 h6 8. O-O
e6 9. a4 Qc7 10. Re1 Bd6 11. d5 Nxd5 12. Nxd5 cxd5 13. Nd4 O-O 14. Nxf5 exf5
15. Qxd5 Nc6 16. Qxf5 Nd4 17. Qg4 Nxc2 18. Bd2 h5 19. Qxh5 Qc5 20. Bd5 Nxe1 21.
Rxe1 Qd4 22. Bc3 1-0

[Event "Kamen 2- Günnigfeld"]
[Site "?"]
[Date "2023.11.19"]
[Round "4.5"]
[White "Kampmann, Marcel"]
[Black "Rotter, Chris"]
[Result "0-1"]
[WhiteElo "1730"]
[BlackElo "1787"]
[Annotator "daniel"]
[PlyCount "114"]
[SourceDate "2023.11.29"]
[WhiteTeam "II"]

1. Nf3 d5 2. g3 g6 3. Bg2 Bg7 4. O-O Nf6 5. d3 O-O 6. Nbd2 c6 7. e4 dxe4 8.
Nxe4 Bg4 9. h3 Bxf3 10. Nxf6+ Bxf6 11. Qxf3 Nd7 12. Rb1 e6 13. b3 Rc8 14. a4
Nb6 15. Bd2 Bg7 16. Ba5 Qd5 17. Bxb6 axb6 18. Qe3 Qc5 19. Qxc5 bxc5 20. Rfe1
$11 Bc3 21. Re4 b5 22. Bf3 Rc7 23. Kg2 Rb8 24. h4 Rb6 25. g4 Ra7 26. Rc1 bxa4
27. Rxa4 Rxa4 28. bxa4 Ra6 29. Rb1 Rxa4 30. Rb3 Be5 31. c4 Ra2 32. Bxc6 Bd4 33.
h5 Rxf2+ 34. Kh1 gxh5 35. gxh5 Be5 36. Be4 Rh2+ 37. Kg1 Rxh5 38. Ra3 Rg5+ 39.
Kf1 h5 40. Bg2 Rg3 41. Kg1 h4 42. Kh1 h3 43. Bf1 h2 44. Ra8+ Kg7 45. Kxh2 Rxd3+
46. Kg2 Rc3 47. Ra2 f5 48. Rf2 Bd4 49. Rf3 Rxf3 50. Kxf3 Kf6 51. Kf4 e5+ 52.
Kf3 Kg5 53. Be2 e4+ 54. Kg2 f4 55. Bd1 f3+ 56. Kg3 Be5+ 57. Kf2 Kf4 0-1

[Event "Kamen 2- Günnigfeld"]
[Site "?"]
[Date "2023.11.19"]
[Round "4.6"]
[White "Riemer, Dominik"]
[Black "Oberbarnscheidt, Ludger"]
[Result "1/2-1/2"]
[WhiteElo "1751"]
[BlackElo "1957"]
[PlyCount "52"]
[SourceDate "2023.11.29"]
[WhiteTeam "II"]

1. b4 d5 2. Bb2 Bf5 3. Nf3 e6 4. e3 Nf6 5. b5 a6 6. a4 axb5 7. axb5 Rxa1 8.
Bxa1 Nbd7 9. Be2 h6 10. O-O Bd6 11. Bxf6 Qxf6 12. d4 Nb6 13. Nbd2 O-O 14. c4
dxc4 15. e4 c3 16. e5 Qd8 17. exd6 cxd2 18. dxc7 Qxc7 19. Qxd2 Rc8 20. Ne5 Qc2
21. Qa5 Qxe2 22. Qxb6 Be4 23. h3 Bd5 24. Ng4 Rc2 25. Ne3 Qxe3 26. fxe3 Rxg2+
1/2-1/2

[Event "Kamen 2- Günnigfeld"]
[Site "?"]
[Date "2023.11.19"]
[Round "4.7"]
[White "Evers, Klaus"]
[Black "Bernstein, Jan"]
[Result "1-0"]
[WhiteElo "1650"]
[BlackElo "1507"]
[PlyCount "85"]
[SourceDate "2023.11.29"]
[WhiteTeam "II"]

1. d4 d5 2. c4 e6 3. Nc3 Nf6 4. Bg5 Be7 5. Nf3 O-O 6. e3 b6 7. cxd5 Nxd5 8.
Nxd5 Bxg5 9. Nxc7 Qxc7 10. Nxg5 Bb7 11. Bd3 h6 12. Nf3 Qd6 13. O-O Nc6 14. Be4
f5 15. Bc2 Nb4 16. Bb3 Kh8 17. Ne5 Rf6 18. Qh5 Kh7 19. a3 Nc6 20. Nf7 Qe7 21.
Ng5+ Kg8 22. Nxe6 Na5 23. Ba2 Rxe6 24. b4 Ba6 25. bxa5 Bxf1 26. Kxf1 Kh7 27.
Qxf5+ Rg6 28. Bb1 Qg5 29. Qxg5 hxg5 30. axb6 axb6 31. Be4 Ra7 32. Rc1 Kh6 33.
Bxg6 Kxg6 34. Rc6+ Kf5 35. Rxb6 Rxa3 36. Ke2 g4 37. Rb5+ Kf6 38. e4 g6 39. Rb6+
Kg5 40. Rb2 Kf4 41. e5 Ke4 42. e6 Kxd4 43. e7 1-0

[Event "Kamen 2- Günnigfeld"]
[Site "?"]
[Date "2023.11.19"]
[Round "4.8"]
[White "Finke, Wolfgang"]
[Black "Bender, Markus"]
[Result "1-0"]
[WhiteElo "1574"]
[BlackElo "1818"]
[PlyCount "81"]
[SourceDate "2023.11.29"]
[WhiteTeam "II"]

1. Nc3 d5 2. e4 dxe4 3. Nxe4 e5 4. Nf3 Nc6 5. Bb5 Bd7 6. Qe2 Nf6 7. c3 Qe7 8.
Nxf6+ gxf6 9. d3 a6 10. Ba4 Rg8 11. Rg1 Bg7 12. Bd2 O-O-O 13. O-O-O Kb8 14. Kb1
f5 15. Bg5 f6 16. Bc1 Rge8 17. Rge1 Qf8 18. Nh4 Nd4 19. cxd4 Bxa4 20. b3 Bd7
21. Qh5 exd4 22. Qxh7 f4 23. Nf5 Rxe1 24. Rxe1 Qb4 25. Re2 Bf8 26. Bxf4 Qc5 27.
Ng3 Qd5 28. Qe4 Qxe4 29. Nxe4 Bc6 30. f3 f5 31. Ng3 Bd7 32. Rc2 Rc8 33. Be5 Bb5
34. Rd2 Re8 35. f4 Bb4 36. Rd1 Bc6 37. Nxf5 Bxg2 38. Nxd4 Kc8 39. Rg1 Bh3 40.
Rg7 c6 41. Rc7+ 1-0

[Event "Osterfeld- Werden 2"]
[Site "?"]
[Date "2023.11.19"]
[Round "4.1"]
[White "Eggebrecht, Stefan"]
[Black "Heisterkamp, Oliver"]
[Result "1/2-1/2"]
[WhiteElo "1749"]
[BlackElo "1941"]
[PlyCount "45"]
[SourceDate "2023.11.29"]
[WhiteTeam "II"]

1. e4 c5 2. d3 Nc6 3. g3 g6 4. Bg2 Bg7 5. Ne2 e6 6. O-O Nge7 7. c3 O-O 8. Be3
b6 9. d4 cxd4 10. Nxd4 Ba6 11. Re1 h6 12. Nd2 Qc7 13. Nxc6 dxc6 14. Bf1 Bxf1
15. Rxf1 Rad8 16. Qc2 c5 17. Rad1 Rd7 18. Nf3 Rfd8 19. Rxd7 Qxd7 20. Re1 Nc6
21. h4 Na5 22. Nd2 Qb5 23. a4 1/2-1/2

[Event "Osterfeld- Werden 2"]
[Site "?"]
[Date "2023.11.19"]
[Round "4.2"]
[White "Laudage, Bernd"]
[Black "Rother, Josef"]
[Result "1-0"]
[WhiteElo "1996"]
[BlackElo "1636"]
[Annotator "daniel"]
[PlyCount "69"]
[SourceDate "2023.11.29"]
[WhiteTeam "II"]

1. e4 c5 2. Nc3 Nc6 3. g3 d6 4. Bg2 g6 5. Nge2 Bg7 6. d3 Nf6 7. h3 O-O 8. Be3
a6 9. Qd2 e5 10. g4 Nd4 11. Ng3 Be6 12. Nd1 b5 13. c3 Nc6 14. O-O Qc7 15. Bh6
Rad8 16. Bxg7 Kxg7 $11 17. Ne3 h6 18. Rfe1 d5 19. Qc2 dxe4 20. dxe4 Rd6 21.
Red1 Rfd8 22. Rxd6 Rxd6 23. b3 Qd7 24. Ngf1 b4 25. cxb4 cxb4 26. Qc5 Nd4 27.
Qxe5 Ne2+ 28. Kh1 Nc3 29. f4 Bxg4 30. Nxg4 Re6 31. Nxf6 Rxf6 32. Ne3 Qd2 33.
Ng4 Qxf4 34. Qxf6+ Qxf6 35. Nxf6 1-0

[Event "Osterfeld- Werden 2"]
[Site "?"]
[Date "2023.11.19"]
[Round "4.3"]
[White "Weber, Dirk"]
[Black "Ivchenko, Anatoly"]
[Result "0-1"]
[WhiteElo "1712"]
[BlackElo "1822"]
[PlyCount "104"]
[SourceDate "2023.11.29"]
[WhiteTeam "II"]

1. e4 c6 2. d4 d5 3. e5 Bf5 4. Ne2 e6 5. Ng3 Bg6 6. c3 c5 7. Bd3 Nc6 8. O-O Qb6
9. Ne2 Rc8 10. Bxg6 hxg6 11. a3 Nh6 12. b4 cxd4 13. Bxh6 gxh6 14. cxd4 Bg7 15.
Nbc3 O-O 16. Na4 Qd8 17. Qd3 Qe8 18. f4 Nxd4 19. Nxd4 Qxa4 20. Qb5 Qa6 21. Qxa6
bxa6 22. Rac1 Rfe8 23. Rc6 g5 24. g3 gxf4 25. gxf4 Rxc6 26. Nxc6 f6 27. Rc1
fxe5 28. fxe5 Kh7 29. Re1 Kg6 30. Nd4 Kg5 31. Kg2 Kf4 32. Nf3 Rc8 33. Nd4 Bxe5
34. Nxe6+ Kf5 35. Nc5 a5 36. Rf1+ Kg6 37. Rf3 axb4 38. axb4 Bd6 39. Nd3 Rc2+
40. Kf1 Rxh2 41. b5 Rh1+ 42. Ke2 Rb1 43. Re3 Kf6 44. Rh3 Kg5 45. Ke3 Rxb5 46.
Kd4 h5 47. Re3 h4 48. Re8 h3 49. Rg8+ Kf5 50. Ke3 h2 51. Rh8 Rb1 52. Nf2 Bc5+
0-1

[Event "Osterfeld- Werden 2"]
[Site "?"]
[Date "2023.11.19"]
[Round "4.4"]
[White "Hessel, Malte"]
[Black "Lange, Ralf"]
[Result "1-0"]
[WhiteElo "1980"]
[BlackElo "1635"]
[PlyCount "127"]
[SourceDate "2023.11.29"]
[WhiteTeam "II"]

1. d4 Nf6 2. Nf3 g6 3. e3 Bg7 4. Bd3 O-O 5. e4 d6 6. Nbd2 c5 7. c3 a6 8. O-O
Re8 9. h3 Nc6 10. d5 Ne5 11. Nxe5 dxe5 12. Nf3 Qc7 13. c4 e6 14. Be3 b5 15.
dxe6 Bxe6 16. Qc2 b4 17. a3 a5 18. a4 Bc8 19. Nd2 Bb7 20. Rfd1 Rac8 21. f3 Red8
22. Nf1 Rd7 23. b3 Rcd8 24. Bf2 Bh6 25. Bh4 Rd6 26. Be2 Kg7 27. Kf2 R8d7 28.
Rxd6 Rxd6 29. Rd1 Qd7 30. Rxd6 Qxd6 31. Qd3 Qxd3 32. Bxd3 g5 33. Bg3 Nd7 34.
Ne3 Kf8 35. Nf5 Bg7 36. Ke2 Bf6 37. Bf2 Be7 38. Be3 f6 39. h4 gxh4 40. Nxh4 Kf7
41. Nf5 Ba8 42. Kf2 Bf8 43. Kg3 Kg6 44. Kh4 Nb8 45. Be2 Bb7 46. g4 h6 47. Bf2
Nd7 48. Ne3 Bd6 49. Nd5 Bc6 50. Be3 Bb7 51. Bd3 Bc6 52. f4 exf4 53. e5+ Kf7 54.
exd6 fxe3 55. Nxe3 Ne5 56. Bf5 Bd7 57. Kh5 Bxf5 58. gxf5 Nd3 59. Nd5 Ne5 60.
Kxh6 Ng4+ 61. Kh7 Ne5 62. Nb6 Nd3 63. Nd7 Nc1 64. Nxc5 1-0

[Event "Osterfeld- Werden 2"]
[Site "?"]
[Date "2023.11.19"]
[Round "4.5"]
[White "Kowalzick, Uwe"]
[Black "Fiori, Bruno"]
[Result "0-1"]
[WhiteElo "1613"]
[BlackElo "1831"]
[PlyCount "78"]
[SourceDate "2023.11.29"]
[WhiteTeam "II"]

1. d4 c6 2. c4 d6 3. e4 Qc7 4. f4 e5 5. fxe5 dxe5 6. d5 Nf6 7. Nc3 Bb4 8. Qd3
O-O 9. Bg5 Nbd7 10. Bxf6 Nxf6 11. h3 cxd5 12. exd5 e4 13. Qc2 Qg3+ 14. Kd1 Bf5
15. Nge2 Qf2 16. a3 Bd6 17. Qd2 Be5 18. Na2 e3 19. Qc1 Rac8 20. Nec3 Ne4 21.
Nxe4 Bxe4 22. Nc3 Bxg2 23. Bxg2 Qxg2 24. Re1 Bf4 25. Ne2 Bh6 26. Qc3 Rfd8 27.
Qd3 b5 28. b3 bxc4 29. bxc4 Rc5 30. Rg1 Qxh3 31. Kc2 Rdxd5 32. Nd4 Qh2+ 33. Kb3
Qb8+ 34. Ka2 Rd8 35. Rab1 Qc8 36. Kb3 g6 37. Rh1 Bg7 38. Qxe3 Rxd4 39. Rh3
Rdxc4 0-1

[Event "Osterfeld- Werden 2"]
[Site "?"]
[Date "2023.11.19"]
[Round "4.6"]
[White "Gebauer, Reinhard"]
[Black "Kanno, Clara"]
[Result "1/2-1/2"]
[WhiteElo "1792"]
[BlackElo "1639"]
[PlyCount "71"]
[SourceDate "2023.11.29"]
[WhiteTeam "II"]

1. e4 e6 2. d4 d5 3. Nd2 b6 4. e5 Ba6 5. Bxa6 Nxa6 6. Ne2 Ne7 7. O-O c5 8. c3
Qd7 9. Nf3 Nb8 10. Ng3 Nbc6 11. Be3 Ng6 12. a3 h6 13. b4 c4 14. h4 O-O-O 15. h5
Nge7 16. Nh4 g5 17. Nf3 Nf5 18. Nh2 Nce7 19. Ng4 Ng8 20. a4 a6 21. a5 b5 22.
Qe1 Nxg3 23. fxg3 Qe7 24. Ra2 Bg7 25. Raf2 Rf8 26. Nf6 Qc7 27. Rf3 Ne7 28. g4
Bxf6 29. exf6 Nc6 30. Bf2 Re8 31. Bg3 Qd7 32. Be5 Nxe5 33. Qxe5 Qc7 34. Re1 Rd8
35. Qxc7+ Kxc7 36. Re5 1/2-1/2

[Event "Osterfeld- Werden 2"]
[Site "?"]
[Date "2023.11.19"]
[Round "4.7"]
[White "Claussen, Alexander"]
[Black "Bensch, Arnold"]
[Result "1/2-1/2"]
[WhiteElo "1476"]
[BlackElo "1737"]
[PlyCount "56"]
[SourceDate "2023.11.29"]
[WhiteTeam "II"]

1. b3 e5 2. e3 a6 3. Bb2 Nc6 4. Be2 Nf6 5. c4 d6 6. Nc3 g6 7. d4 exd4 8. exd4
Bg7 9. d5 Ne5 10. Nf3 Ne4 11. Qc2 Nxc3 12. Bxc3 Bf5 13. Qd2 Nxf3+ 14. gxf3 O-O
15. O-O-O Qh4 16. Bxg7 Kxg7 17. Qd4+ Qf6 18. Qxf6+ Kxf6 19. Bd3 Rae8 20. Kd2
Re5 21. f4 Re7 22. Rde1 Rfe8 23. Re3 Bxd3 24. Kxd3 Kf5 25. Rhe1 Rxe3+ 26. fxe3
Kg4 27. b4 f5 28. a4 Re4 1/2-1/2

[Event "Osterfeld- Werden 2"]
[Site "?"]
[Date "2023.11.19"]
[Round "4.8"]
[White "Kyritsis, Christoph"]
[Black "Reuß, Till"]
[Result "1-0"]
[WhiteElo "1608"]
[BlackElo "1433"]
[PlyCount "47"]
[SourceDate "2023.11.29"]
[WhiteTeam "II"]

1. Nc3 e5 2. Nf3 Nc6 3. d4 exd4 4. Nxd4 Nf6 5. Nxc6 bxc6 6. g3 Bb4 7. Bd2 O-O
8. Bg2 a5 9. a3 Bc5 10. O-O Ba6 11. Bf4 Re8 12. Re1 Rb8 13. Na4 Ba7 14. b3 Ne4
15. Bxe4 Rxe4 16. c4 Bd4 17. Rb1 d6 18. Qc2 Qe7 19. Nc3 Re6 20. Bd2 Rd8 21. e3
Bb6 22. Ne2 d5 23. Nf4 Red6 24. c5 1-0

[Event "Brackel 4- Mülheim"]
[Site "?"]
[Date "2023.11.19"]
[Round "4.1"]
[White "Langschmidt, Dirk"]
[Black "Strack, Patrick"]
[Result "0-1"]
[WhiteElo "2008"]
[BlackElo "1895"]
[PlyCount "118"]
[SourceDate "2023.11.29"]
[WhiteTeam "II"]

1. e4 e5 2. Nf3 Nc6 3. Nc3 Nf6 4. Bb5 Nd4 5. O-O Nxb5 6. Nxb5 c6 7. Nc3 d6 8.
d4 Qc7 9. h3 Be7 10. Bg5 O-O 11. Qd3 Nh5 12. Ne2 Kh8 13. Qc3 Bxg5 14. Nxg5 Qe7
15. Nf3 exd4 16. Qxd4 f5 17. e5 dxe5 18. Nxe5 Re8 19. f4 Nxf4 20. Nxf4 Qxe5 21.
Qxe5 Rxe5 22. Rae1 Re4 23. Rxe4 fxe4 24. Re1 g5 25. Nh5 Bf5 26. Rd1 Re8 27. g4
Be6 28. Nf6 Re7 29. Nxe4 Bxg4 30. Rd8+ Kg7 31. Nxg5 Bf5 32. c3 h6 33. Nf3 Bxh3
34. Nd4 Bg4 35. b4 h5 36. Kf2 a6 37. Rb8 Rf7+ 38. Kg3 Re7 39. Kf4 Kf7 40. Nf5
Bxf5 41. Kxf5 Rd7 42. Rh8 Ke7 43. Rh7+ Kd8 44. Rxh5 Rd5+ 45. Kg4 Rxh5 46. Kxh5
Kc7 47. Kg4 Kb6 48. a4 a5 49. Kf4 axb4 50. cxb4 c5 51. a5+ Kb5 52. bxc5 Kxc5
53. Ke4 Kb5 54. Kd4 Kxa5 55. Kc3 Ka4 56. Kb2 Kb4 57. Kb1 Kb3 58. Ka1 b5 59. Kb1
b4 0-1

[Event "Brackel 4- Mülheim"]
[Site "?"]
[Date "2023.11.19"]
[Round "4.2"]
[White "Garbuz, Nicole"]
[Black "Straenger, Petra"]
[Result "1-0"]
[WhiteElo "1863"]
[BlackElo "1826"]
[PlyCount "91"]
[SourceDate "2023.11.29"]
[WhiteTeam "II"]

1. e4 d5 2. exd5 Qxd5 3. Nc3 Qa5 4. d4 Nf6 5. Bc4 Bf5 6. Bd2 c6 7. f3 e6 8. g4
Bg6 9. Qe2 Be7 10. O-O-O Qc7 11. Nh3 Nbd7 12. f4 b5 13. Bb3 Nb6 14. Rde1 Kf8
15. Rhf1 a5 16. Ng5 Nfd5 17. Bxd5 Nxd5 18. f5 exf5 19. gxf5 Nxc3 20. bxc3 Re8
21. Kb1 Qd8 22. fxg6 Bf6 23. Qxe8+ Qxe8 24. Rxe8+ Kxe8 25. Nxf7 Rf8 26. Ne5
hxg6 27. Nxg6 Rf7 28. Re1+ Kd8 29. Ne5 Rc7 30. c4 b4 31. Bf4 Rc8 32. Rd1 a4 33.
Nf3 Ra8 34. Bg5 Rb8 35. Bxf6+ gxf6 36. Kb2 Ke7 37. d5 c5 38. Re1+ Kd7 39. Re6
Rf8 40. Rc6 Re8 41. Rxf6 Re4 42. Re6 Rf4 43. Nd2 Rf2 44. Ne4 a3+ 45. Kb3 Rf3+
46. Ka4 1-0

[Event "Brackel 4- Mülheim"]
[Site "?"]
[Date "2023.11.19"]
[Round "4.3"]
[White "Preisner, Peter"]
[Black "Krueger, Sven"]
[Result "0-1"]
[WhiteElo "1801"]
[BlackElo "1891"]
[PlyCount "124"]
[SourceDate "2023.11.29"]
[WhiteTeam "II"]

1. d4 Nf6 2. c4 g6 3. Nc3 Bg7 4. e4 d6 5. h3 Nbd7 6. Nge2 O-O 7. Ng3 e5 8. d5
h5 9. Bg5 a5 10. Be2 Nb6 11. Qd2 Qd7 12. Bh6 Qe7 13. Qg5 Re8 14. Bxg7 Kxg7 15.
b3 Kh7 16. Qe3 Nbd7 17. Nf1 Nc5 18. Nd2 Kg7 19. g4 Rh8 20. g5 Ne8 21. h4 c6 22.
f3 Nc7 23. Kf2 Bd7 24. a3 N5a6 25. Na4 b5 26. Nb6 Rab8 27. Nxd7 Qxd7 28. dxc6
Qxc6 29. cxb5 Nxb5 30. Rhc1 Qd7 31. a4 Nbc7 32. Bc4 Nb4 33. f4 Qg4 34. fxe5
dxe5 35. Nf3 Ne6 36. Rg1 Qf4 37. Bxe6 Qxe3+ 38. Kxe3 Nc2+ 39. Kd3 Nxa1 40. Rxa1
fxe6 41. Nxe5 Rxb3+ 42. Ke2 Rb4 43. Ke3 Rc8 44. Rd1 Rb3+ 45. Ke2 Rc2+ 46. Kf1
Rb7 47. Nd7 Rbc7 48. Nf6 Rc1 49. Ne8+ Kf8 50. Nxc7 Rxd1+ 51. Ke2 Rd6 52. Ke3
Ke7 53. Nb5 Rd1 54. Na7 Kd7 55. Kf4 Rh1 56. Kg3 e5 57. Nb5 Ra1 58. Kf2 Rxa4 59.
Nc3 Rc4 60. Nd5 Ke6 61. Ke3 a4 62. Kd2 Rd4+ 0-1

[Event "Brackel 4- Mülheim"]
[Site "?"]
[Date "2023.11.19"]
[Round "4.4"]
[White "Gromov, Alexander"]
[Black "Otto, Michael"]
[Result "0-1"]
[WhiteElo "1752"]
[BlackElo "1798"]
[PlyCount "140"]
[SourceDate "2023.11.29"]
[WhiteTeam "II"]

1. e4 c5 2. Nf3 Nc6 3. d4 cxd4 4. Nxd4 g6 5. Be3 Bg7 6. Nc3 Nf6 7. f3 O-O 8.
Qd2 d5 9. O-O-O dxe4 10. Nxe4 Nxe4 11. fxe4 Nxd4 12. Bxd4 Bxd4 13. Qxd4 Qa5 14.
Bc4 Bg4 15. Rdf1 Qg5+ 16. Kb1 b5 17. Bd5 e5 18. Qf2 Rac8 19. Bxf7+ Kg7 20. Qxa7
Ra8 21. Qb7 Rab8 22. Qd5 Be2 23. Rf2 Rbd8 24. Qb3 Bc4 25. Qc3 Rxf7 26. Rxf7+
Bxf7 27. Qc7 Qf6 28. b3 Qd6 29. Qc3 b4 30. Qf3 g5 31. Rf1 Bg6 32. h3 Rf8 33.
Rd1 Rxf3 34. Rxd6 Rf1+ 35. Kb2 Bxe4 36. Re6 Bxg2 37. Rxe5 Kf6 38. Rb5 Rf4 39.
a4 bxa3+ 40. Kxa3 Bxh3 41. Rb6+ Be6 42. c4 g4 43. c5 g3 44. c6 g2 45. c7 g1=Q
46. Rxe6+ Kxe6 47. c8=Q+ Ke5 48. Qe8+ Kf5 49. Qf7+ Ke4 50. Qb7+ Ke3 51. Qb6+
Rd4 52. Qe6+ Kd3 53. Qf5+ Kd2 54. Qa5+ Kd1 55. Qh5+ Kc1 56. Qc5+ Kd2 57. Qa5+
Kd1 58. Qh5+ Kd2 59. Qa5+ Ke2 60. Qe5+ Qe3 61. Qh2+ Kd1 62. Qh1+ Kc2 63. Qb1+
Kd2 64. Qxh7 Rd3 65. Qh2+ Qe2 66. Qh6+ Kc2 67. Qc6+ Kb1 68. Qe4 Qb2+ 69. Kb4
Qxb3+ 70. Ka5 Qd5+ 0-1

[Event "Brackel 4- Mülheim"]
[Site "?"]
[Date "2023.11.19"]
[Round "4.5"]
[White "Brockmann, Michael"]
[Black "Vorobyov, Boris"]
[Result "0-1"]
[WhiteElo "1880"]
[BlackElo "1809"]
[PlyCount "78"]
[SourceDate "2023.11.29"]
[WhiteTeam "II"]

1. d4 d5 2. Nf3 Nf6 3. e3 c5 4. c3 Nc6 5. Bd3 Bg4 6. Nbd2 e6 7. O-O cxd4 8.
exd4 Bd6 9. Re1 O-O 10. a4 Qc7 11. h3 Bh5 12. Nf1 Bg6 13. Bb5 a6 14. Be2 Rab8
15. Nh4 b5 16. Nxg6 hxg6 17. axb5 axb5 18. Be3 b4 19. Ra6 bxc3 20. bxc3 Ne4 21.
Qa1 Ne7 22. Rc1 Rfc8 23. c4 dxc4 24. f3 Ng3 25. Bxc4 Qd7 26. Ra7 Rb7 27. Rxb7
Qxb7 28. Nd2 Nef5 29. Bf2 Bf4 30. Rb1 Qc6 31. Bb5 Qc2 32. Nb3 Be3 33. Bxe3 Nxe3
34. Rb2 Qc3 35. Qb1 Ngf5 36. Rd2 Rb8 37. Ba4 Nxd4 38. Rd3 Qc4 39. Rxd4 Qxd4 0-1

[Event "Brackel 4- Mülheim"]
[Site "?"]
[Date "2023.11.19"]
[Round "4.6"]
[White "Moerchel, Lou"]
[Black "Lohmar, Hermann"]
[Result "1-0"]
[WhiteElo "1757"]
[BlackElo "1526"]
[PlyCount "59"]
[SourceDate "2023.11.29"]
[WhiteTeam "II"]

1. e4 c6 2. d4 d5 3. exd5 cxd5 4. Bd3 Qc7 5. c3 Nf6 6. Qc2 Nc6 7. Bg5 Bg4 8.
Ne2 Rc8 9. f3 Bh5 10. Bf4 Qb6 11. Qb3 Qxb3 12. axb3 a6 13. b4 Bg6 14. Bxg6 hxg6
15. Nd2 Nd7 16. Nb3 e5 17. dxe5 Ndxe5 18. Bxe5 Nxe5 19. O-O-O Rd8 20. Nf4 Be7
21. Nxd5 Bg5+ 22. Kc2 O-O 23. h4 Bf6 24. Nxf6+ gxf6 25. Rxd8 Rxd8 26. Nc5 Nc4
27. Nxb7 Rd2+ 28. Kb3 Nxb2 29. Nc5 Rxg2 30. Rb1 1-0

[Event "Brackel 4- Mülheim"]
[Site "?"]
[Date "2023.11.19"]
[Round "4.7"]
[White "Mevißen, Ulrich"]
[Black "Schroelkamp, Carsten"]
[Result "1/2-1/2"]
[WhiteElo "1590"]
[BlackElo "1619"]
[PlyCount "53"]
[SourceDate "2023.11.29"]
[WhiteTeam "II"]

1. e4 c6 2. Nf3 d5 3. exd5 cxd5 4. Bb5+ Bd7 5. Qe2 Qb6 6. Nc3 Nf6 7. Ne5 Bxb5
8. Qxb5+ Nc6 9. Qxb6 axb6 10. Nxc6 bxc6 11. d4 e6 12. Bg5 Bd6 13. f3 Kd7 14.
Kd2 Ra5 15. Ne2 Rha8 16. a3 c5 17. c3 Ra4 18. Rhc1 h6 19. Be3 c4 20. Rab1 b5
21. h4 Nh5 22. g4 Nf6 23. Rh1 Ng8 24. Rbg1 Ne7 25. h5 f6 26. f4 Rf8 27. Rf1
1/2-1/2

[Event "Brackel 4- Mülheim"]
[Site "?"]
[Date "2023.11.19"]
[Round "4.8"]
[White "Stych, Paul"]
[Black "Pigors, Juergen"]
[Result "1-0"]
[WhiteElo "1643"]
[BlackElo "1409"]
[PlyCount "85"]
[SourceDate "2023.11.29"]
[WhiteTeam "II"]

1. Nf3 Nf6 2. g3 g6 3. b3 Bg7 4. Bb2 O-O 5. Bg2 d5 6. c4 c6 7. O-O Bf5 8. d4
dxc4 9. bxc4 Qb6 10. Qc1 Na6 11. Nh4 Be4 12. f3 Bxb1 13. Rxb1 Qc7 14. e4 Nb4
15. Qd2 Na6 16. e5 Nd7 17. f4 Rad8 18. Qe2 e6 19. Ba3 Rfe8 20. Bd6 Qc8 21. a4
Bf8 22. c5 Bxd6 23. cxd6 f6 24. a5 b5 25. Rfc1 Nab8 26. d5 exd5 27. Bxd5+ Kg7
28. e6 Nf8 29. e7 Rxd6 30. exf8=Q+ Kxf8 31. Qf2 Qd7 32. Bf3 Rd2 33. Qc5+ Kg7
34. Rd1 Rxd1+ 35. Rxd1 Qc7 36. Qc3 a6 37. Rc1 Rc8 38. Bg4 Re8 39. Nf3 Qa7+ 40.
Qc5 Qc7 41. Nd4 f5 42. Qc3 Kh6 43. Nxf5+ 1-0

[Event "SV Bönen 2 - SV Wattenscheid 3"]
[Site "?"]
[Date "2023.11.19"]
[Round "4.1"]
[White "Dick, Matthias"]
[Black "Medger, Gernot"]
[Result "1/2-1/2"]
[WhiteElo "1981"]
[BlackElo "1813"]
[PlyCount "54"]
[EventDate "2023.??.??"]
[SourceDate "2023.11.29"]
[WhiteTeam "SV Wattenscheid 3"]
[BlackTeam "SV Bönen 2"]

1. Nf3 d5 2. c4 c6 3. g3 Nf6 4. Bg2 Bf5 5. Qb3 Qb6 6. cxd5 Qxb3 7. axb3 Nxd5 8.
d3 Bg6 9. O-O e6 10. Bd2 Nd7 11. Na3 Be7 12. Nc4 O-O 13. Na5 Rab8 14. Rfd1 f6
15. Nd4 Bf7 16. Ndxc6 bxc6 17. Nxc6 Bc5 18. e4 Ne7 19. Nxb8 Rxb8 20. b4 Bb6 21.
Bc3 Ne5 22. d4 Nc4 23. Bf1 Nd6 24. e5 Ne4 25. Bg2 Bg6 26. f3 Nxc3 27. bxc3 fxe5
1/2-1/2

[Event "SV Bönen 2 - SV Wattenscheid 3"]
[Site "?"]
[Date "2023.11.19"]
[Round "4.2"]
[White "Volling, Andreas"]
[Black "Meyer, Jürgen"]
[Result "1/2-1/2"]
[WhiteElo "1783"]
[BlackElo "1899"]
[PlyCount "87"]
[EventDate "2023.??.??"]
[SourceDate "2023.11.29"]
[WhiteTeam "SV Bönen 2"]
[BlackTeam "SV Wattenscheid 3"]

1. d4 Nf6 2. c4 e6 3. Nf3 c5 4. Nc3 cxd4 5. Nxd4 Bb4 6. Qc2 Nc6 7. Nxc6 bxc6 8.
Bd2 O-O 9. a3 Bxc3 10. Bxc3 d5 11. e3 Ne4 12. Bd3 f5 13. O-O Nxc3 14. Qxc3 Ba6
15. Rfd1 Rc8 16. Rac1 Rf7 17. Qe5 Qe8 18. cxd5 Bxd3 19. dxe6 Re7 20. Rxd3 Rxe6
21. Qxf5 Rb8 22. b4 Rf6 23. Qd7 Qg6 24. Qxa7 Qxd3 25. Qxb8+ Rf8 26. Qa7 Rxf2
27. Kxf2 Qd2+ 28. Kf3 Qxc1 29. Qb8+ Kf7 30. Qf4+ Kg8 31. Qe4 h6 32. Qd3 Qb2 33.
Qc4+ Kh7 34. a4 Qf6+ 35. Qf4 Qd8 36. a5 Qd1+ 37. Kg3 Qe1+ 38. Kg4 Qe2+ 39. Kh3
g5 40. Qe4+ Kg7 41. Kg3 Qe1+ 42. Kh3 Qe2 43. Qe5+ Kh7 44. Qc7+ 1/2-1/2

[Event "SV Bönen 2 - SV Wattenscheid 3"]
[Site "?"]
[Date "2023.11.19"]
[Round "4.4"]
[White "Budde, Uwe"]
[Black "Döhmann, Jörg"]
[Result "1/2-1/2"]
[WhiteElo "1755"]
[BlackElo "1810"]
[PlyCount "91"]
[EventDate "2023.??.??"]
[SourceDate "2023.11.29"]
[WhiteTeam "SV Bönen 2"]
[BlackTeam "SV Wattenscheid 3"]

1. e4 c6 2. d4 d5 3. exd5 cxd5 4. c4 Nf6 5. Nc3 Nc6 6. Be3 e6 7. a3 Be7 8. h3
O-O 9. Nf3 b6 10. Be2 Bb7 11. Rc1 dxc4 12. Bxc4 Rc8 13. Be2 Nd5 14. O-O Nxc3
15. Rxc3 Bf6 16. Qd2 h6 17. Rfc1 Qd7 18. R3c2 Rfd8 19. Rd1 Ne7 20. Ne5 Qe8 21.
Rxc8 Rxc8 22. Ng4 Nd5 23. Ne5 Nxe3 24. fxe3 Bxe5 25. dxe5 Rc5 26. Qd7 Qxd7 27.
Rxd7 Be4 28. Rxa7 Rc1+ 29. Kh2 Rc2 30. Bf1 Rxb2 31. Ra4 Bd5 32. Rb4 Rxb4 33.
axb4 Kf8 34. h4 Ke7 35. Kg3 Kd7 36. b5 Be4 37. Kf4 Bc2 38. Be2 Bb3 39. g4 Ke7
40. g5 hxg5+ 41. hxg5 Bc2 42. Bc4 Bg6 43. Be2 f6 44. Bc4 fxg5+ 45. Kxg5 Bc2 46.
Be2 1/2-1/2